|
|
|
|
| LEADER |
00000nab a2200000 a 4500 |
| 001 |
vtls000181002 |
| 003 |
SK-MaSNL |
| 005 |
20260302201456.0 |
| 008 |
140423c1984 xo 0 slo |
| 015 |
|
|
|a SNBRB19rr/mm-uuuuu
|
| 035 |
|
|
|a CL0191115
|
| 040 |
|
|
|a SNKBUCL
|b slo
|c SNKBUCL
|e AACR2
|
| 041 |
0 |
|
|a slo
|
| 044 |
|
|
|a xo
|c SK
|
| 080 |
|
|
|a 82:929:830 (436)
|2 1981
|
| 080 |
|
|
|a 929
|2 1981
|
| 080 |
|
|
|a 830 (436)
|2 1981
|
| 245 |
0 |
0 |
|a Kto je kto
|
| 650 |
0 |
7 |
|a rakúska literatúra
|2 snkbucl
|9 1416
|
| 651 |
|
7 |
|a Burgenland (Rakúsko)
|2 snkbucl
|9 58351
|
| 655 |
|
7 |
|a články z novín a časopisov
|2 snkbucl
|9 267496
|
| 655 |
|
7 |
|a články z odboru literárna veda a krásna literatúra
|2 snkbucl
|9 770045
|
| 773 |
0 |
|
|t Revue svetovej literatúry
|g Roč. 20, č. 3 (1984), s. 77
|
| 850 |
|
|
|a Slovenská národná knižnica v Martine
|a MTA001
|
| 852 |
|
|
|a SNK
|b KIS3GCP
|
| 958 |
|
|
|a RK
|
| 958 |
|
|
|a LX
|
| 999 |
|
|
|c 1461082
|d 1463012
|